| 000 | 00634nam a2200217 u 4500 | ||
|---|---|---|---|
| 005 | 20210223130904.0 | ||
| 008 | 081125s2007 ag r 000 0 spa d | ||
| 020 | _a9789871021802 | ||
| 035 | _aUPN01000168195 | ||
| 049 | _aCG | ||
| 050 | 4 |
_aBL900 _bP9.3 |
|
| 100 | 1 |
_aPytrell, Ariel, _d1964- |
|
| 245 | 1 | 0 |
_aAntiguos mitos y leyendas de los celtas / _cselec. y relatos de Ariel Pytrell. |
| 260 |
_aBuenos Aires : _bPluma y Papel, _c2007. |
||
| 300 | _a171 p. | ||
| 440 | 0 | _aAndamiaje | |
| 650 | 4 |
_aMITOLOGIA CELTA _912700 |
|
| 650 | 4 |
_aLEYENDAS CELTAS _912699 |
|
| 650 | 4 |
_aLITERATURA FOLKLORICA CELTA _912708 |
|
| 905 | _aLibro | ||
| 999 |
_c140302 _d140302 |
||